[Event "SV Bad Schwartau-SK Lehrte"]
[Site "Greifswald"]
[Date "2013.09.14"]
[Round "6.2"]
[White "Rost, Henning"]
[Black "Klein, Florian"]
[Result "1/2-1/2"]
[WhiteElo "1622"]
[BlackElo "1634"]
[PlyCount "85"]
[EventDate "2013.??.??"]
[WhiteTeam "SV Bad Schwartau"]
[BlackTeam "SK Lehrte"]

1. e4 d6 2. d4 Nf6 3. Nc3 g6 4. Bc4 Bg7 5. f3 O-O 6. Nge2 Nbd7 7. O-O c5 8.
dxc5 Nxc5 9. Be3 Be6 10. Bxe6 Nxe6 11. Qd2 a6 12. Kh1 Rc8 13. Bh6 Qb6 14. Bxg7
Kxg7 15. Rab1 Rc6 16. Nd5 Qc5 17. Nec3 Re8 18. Rfd1 b5 19. Rbc1 Nc7 20. Nxf6
Kxf6 21. Qd4+ Qxd4 22. Rxd4 Rc8 23. Ne2 Ne6 24. Rd2 h5 25. c3 b4 26. Rdc2 a5
27. Kg1 Ke5 28. Kf2 bxc3 29. Rxc3 Rxc3 30. Rxc3 Rb8 31. b3 a4 32. Ke3 Nc5 33.
f4+ Ke6 34. Nd4+ Kd7 35. Kf3 e5 36. fxe5 dxe5 37. Rxc5 exd4 38. bxa4 Rb4 39.
Rd5+ Ke6 40. a5 Ra4 41. a6 Rxa6 42. Rxd4 Ra3+ 43. Kf4 1/2-1/2

[Event "SV Bad Schwartau-SK Lehrte"]
[Site "Greifswald"]
[Date "2013.09.14"]
[Round "6.3"]
[White "Baghdasaryan, Ani"]
[Black "Saß, Patrick"]
[Result "1/2-1/2"]
[WhiteElo "1429"]
[BlackElo "1598"]
[PlyCount "120"]
[EventDate "2013.??.??"]
[WhiteTeam "SK Lehrte"]
[BlackTeam "SV Bad Schwartau"]

1. e4 c6 2. c4 g6 3. Nc3 Bg7 4. g3 e6 5. Nf3 Ne7 6. Bg2 O-O 7. O-O d5 8. cxd5
exd5 9. e5 Bg4 10. d4 f6 11. Re1 fxe5 12. dxe5 Rf5 13. Qe2 Rxe5 14. Be3 Nf5 15.
Qd3 Bxf3 16. Bxf3 Nxe3 17. Rxe3 Nd7 18. Rxe5 Nxe5 19. Qe2 Nxf3+ 20. Qxf3 Qf8
21. Qd3 Bxc3 22. Qxc3 Re8 23. Rf1 Qf5 24. Qb3 Qd7 25. Qa4 b6 26. Rc1 Re6 27.
Rd1 Rd6 28. Qb3 c5 29. Qc3 d4 30. Qc4+ Qe6 31. Qa4 Qe2 32. Qb3+ c4 33. Qa4 b5
34. Qxb5 Qxd1+ 35. Kg2 Rf6 36. Qxc4+ Kg7 37. Qc7+ Rf7 38. Qe5+ Kh6 39. Qe4 d3
40. Qe3+ Kh5 41. Qe4 g5 42. Qd5 Rxf2+ 43. Kxf2 Qe2+ 44. Kg1 d2 45. Qf7+ Kg4 46.
Qd7+ Kf3 47. Qf5+ Ke3 48. Qe5+ Kd3 49. Qc3+ Ke4 50. Qc6+ Ke3 51. Qe8+ Kf3 52.
Qh5+ Ke3 53. Qe8+ Kd3 54. Qb5+ Ke3 55. Qe5+ Kf3 56. Qf5+ Ke3 57. Qe5+ Kd3 58.
Qb5+ Ke3 59. Qe5+ Kf3 60. Qf5+ Ke3 1/2-1/2

[Event "SV Bad Schwartau-SK Lehrte"]
[Site "Greifswald"]
[Date "2013.09.14"]
[Round "6.4"]
[White "Kagel, Jan-Malte"]
[Black "Dannenberg, Nicole"]
[Result "1/2-1/2"]
[WhiteElo "1175"]
[BlackElo "1223"]
[PlyCount "44"]
[EventDate "2013.??.??"]
[WhiteTeam "SV Bad Schwartau"]
[BlackTeam "SK Lehrte"]

1. e4 e6 2. d4 d5 3. exd5 exd5 4. Nf3 Bg4 5. Nc3 Nf6 6. Bd3 Bd6 7. h3 Bxf3 8.
Qxf3 c6 9. O-O O-O 10. Be3 Re8 11. Rfe1 Nbd7 12. a3 Qc7 13. Rab1 b5 14. Rec1
Nb6 15. b4 Nc4 16. Bxc4 dxc4 17. Re1 Rad8 18. Rbd1 Nd5 19. Nxd5 cxd5 20. Bd2
Be7 21. Re3 Qc6 22. Rde1 Rd7 1/2-1/2

[Event "SF Schwerin-Greifswalder SV"]
[Site "Greifswald"]
[Date "2013.09.14"]
[Round "6.1"]
[White "Altenstein, Benjamin"]
[Black "Siegert, Gregor"]
[Result "0-1"]
[WhiteElo "1345"]
[BlackElo "1859"]
[PlyCount "42"]
[EventDate "2013.??.??"]
[WhiteTeam "Greifswalder SV"]
[BlackTeam "SF Schwerin"]

1. d4 Nf6 2. c4 g6 3. Nc3 Bg7 4. e4 d6 5. f4 O-O 6. Nf3 c5 7. Be3 Ng4 8. Qd2
Nxe3 9. Qxe3 cxd4 10. Nxd4 e5 11. fxe5 dxe5 12. Nf3 Nc6 13. Rd1 Nd4 14. Nxd4
exd4 15. Qd3 Qa5 16. Rc1 dxc3 17. bxc3 Be6 18. Rc2 Rad8 19. Qe3 f5 20. exf5
Bxf5 21. Rc1 Rfe8 0-1

[Event "SF Schwerin-Greifswalder SV"]
[Site "Greifswald"]
[Date "2013.09.14"]
[Round "6.2"]
[White "Frost, Jakob"]
[Black "Altenstein, Jonas"]
[Result "1/2-1/2"]
[WhiteElo "1372"]
[BlackElo "1221"]
[PlyCount "68"]
[EventDate "2013.??.??"]
[WhiteTeam "SF Schwerin"]
[BlackTeam "Greifswalder SV"]

1. e4 e5 2. Nf3 Nc6 3. Bb5 a6 4. Ba4 b5 5. Bb3 Nf6 6. d3 a5 7. a3 Bc5 8. Bg5
O-O 9. Nc3 h6 10. Bh4 d6 11. h3 Be6 12. Bxe6 fxe6 13. Nxb5 Rb8 14. a4 d5 15.
Qe2 Bd6 16. O-O Qd7 17. Rab1 Rf7 18. Rfe1 Re8 19. Bg3 Nh5 20. Bh2 Nf4 21. Bxf4
Rxf4 22. Rf1 Ref8 23. Rbe1 R4f6 24. Nh2 Rg6 25. Qh5 Rg5 26. Qd1 Rf4 27. Kh1 Bc5
28. Re2 Qf7 29. Qe1 Kh7 30. c4 Bb4 31. Qc1 d4 32. Qd1 Qg6 33. Rg1 Qf6 34. Nxc7
Qf7 1/2-1/2

[Event "SF Schwerin-Greifswalder SV"]
[Site "Greifswald"]
[Date "2013.09.14"]
[Round "6.3"]
[White "Rosenstock, Ruben"]
[Black "Wödl, Leon"]
[Result "0-1"]
[WhiteElo "928"]
[BlackElo "1291"]
[PlyCount "70"]
[EventDate "2013.??.??"]
[WhiteTeam "Greifswalder SV"]
[BlackTeam "SF Schwerin"]

1. e4 e5 2. Nf3 Nc6 3. Bc4 Nf6 4. d3 Bc5 5. Bg5 O-O 6. O-O d6 7. c3 Bg4 8. a4
a5 9. Nbd2 h6 10. Bh4 Rb8 11. h3 Bh5 12. Nb3 Bb6 13. Qe2 Re8 14. Rad1 g5 15.
Bg3 Na7 16. Nxa5 Bxa5 17. b4 b5 18. Bxb5 Nxb5 19. axb5 Bb6 20. h4 Nh7 21. d4
gxh4 22. Bxh4 Qxh4 23. Nxh4 Bxe2 24. dxe5 Bxd1 25. Rxd1 dxe5 26. Nf3 Ng5 27.
Nd2 Red8 28. Kf1 Nxe4 29. Ke2 Nxc3+ 30. Ke1 Nxd1 31. Kxd1 Bxf2 32. b6 Rxb6 33.
Kc1 Be3 34. Kb1 Rxb4+ 35. Ka1 Ra8# 0-1

[Event "SF Schwerin-Greifswalder SV"]
[Site "Greifswald"]
[Date "2013.09.14"]
[Round "6.4"]
[White "Stuppe, Hannes"]
[Black "Finke, Adrian"]
[Result "1-0"]
[WhiteElo "1241"]
[BlackElo "1050"]
[PlyCount "69"]
[EventDate "2013.??.??"]
[WhiteTeam "SF Schwerin"]
[BlackTeam "Greifswalder SV"]

1. e4 e5 2. Nf3 Nc6 3. Bb5 Nf6 4. Nc3 Bb4 5. Nd5 Nxd5 6. exd5 e4 7. dxc6 bxc6
8. Bc4 exf3 9. Qxf3 O-O 10. O-O d5 11. Qb3 Bxd2 12. Bxd5 Bxc1 13. Bxc6 Be6 14.
Qg3 Bxb2 15. Rad1 Qe7 16. Bxa8 Rxa8 17. Rfe1 g6 18. Qf3 Re8 19. h3 Qc5 20. Qd3
Kf8 21. Rb1 Bd4 22. Rb5 Bxf2+ 23. Kf1 Bc4 24. Rxe8+ Kxe8 25. Rxc5 Bxc5 26. Qxc4
Bd6 27. Qa4+ Kd8 28. Qxa7 Kc8 29. a4 f5 30. a5 h5 31. a6 g5 32. Qa8+ Kd7 33. a7
Bc5 34. Qd5+ Ke7 35. Qxc5+ 1-0